Largest Cities by Area in the US - Statistics

General Stats
  • This quiz has been taken 33 times
  • The average score is 25 of 45
Answer Stats
Area (Mi) Area (Km) Population St Answer % Correct
340 880 1,347,169 TX Dallas
97%
640 1,659 2,327,219 TX Houston
94%
747 1,935 1,003,029* FL Jacksonville
94%
300 777 8,520,139** NY New York City
94%
1,707 4,421 283,400* AK Anchorage
88%
326.4 845 993,352 TX Austin
88%
470 1,219 3,739,488 CA Los Angeles
88%
228 590 2,612,886 IL Chicago
84%
2,704 7,004 31,671* AK Juneau
81%
315 815 505,518 MO Kansas City
81%
518 1,342 1,680,053 AZ Phoenix
81%
500 1,292 1,527,574 TX San Antonio
81%
606 1,571 717,262 OK Oklahoma City
78%
311 805 947,640 NC Charlotte
75%
475 1,232 692,154* TN Nashville
75%
221 572 917,303 OH Columbus
72%
217 562 200,052 GA Columbus
72%
259 670 679,915 TX El Paso
69%
361 935 873,220 IN Indianapolis
69%
326 844 1,372,940 CA San Diego
69%
242 627 551,524 AZ Tucson
69%
198 512 408,302 OK Tulsa
69%
350 907 1,035,890 TX Fort Worth
66%
324.5 840 619,286* KY Louisville
66%
296 766 622,355 TN Memphis
66%
202 523 500,757 CO Colorado Springs
63%
245 634 447,284 VA Virginia Beach
59%
250 647 155,207 GA Macon
53%
284 735 318,489* KY Lexington
50%
224 580 246,673 AL Huntsville
44%
716 1,854 36,105* MT Butte
41%
338 877 257,232* VA Chesapeake
41%
302 783 199,126* GA Augusta
31%
2,870 7,434 8,293* AK Sitka
25%
213 551 4,000 AK Valdez
16%
736 1,908 10,486* MT Anaconda
13%
208 539 15,117 NV Boulder City
13%
395 1,023 124,966 AZ Buckeye
13%
399 1,034 102,804* VA Suffolk
13%
204 527 15,494 CA California City
6%
249 644 7,942 GA Cussetta
6%
210 543 2,283 GA Preston
6%
778 2,017 947* KS Tribune
6%
2,556 6,620 2,056* AK Wrangell
6%
420 1,089 3,720 GA Statenville
3%
No matching quizzes found
Score Distribution
Percent of People with Each Score
Percentile by Number Answered
Your Score History
You have not taken this quiz